Explorations Numerical Analysis\ (Record no. 586048)

000 -LEADER
fixed length control field 00483nam a22001817a 4500
003 - CONTROL NUMBER IDENTIFIER
control field NUST
005 - DATE AND TIME OF LATEST TRANSACTION
control field 20210803114920.0
008 - FIXED-LENGTH DATA ELEMENTS--GENERAL INFORMATION
fixed length control field 210803b ||||| |||| 00| 0 eng d
020 ## - INTERNATIONAL STANDARD BOOK NUMBER
International Standard Book Number 978981320997
038 ## - RECORD CONTENT LICENSOR
Staff Name Muzammail
082 ## - DEWEY DECIMAL CLASSIFICATION NUMBER
Classification number 518.0285
100 ## - MAIN ENTRY--PERSONAL NAME
Personal name Lambers, James V
9 (RLIN) 81143
245 ## - TITLE STATEMENT
Title Explorations Numerical Analysis\
Statement of responsibility, etc. James V Lambers & Amber C Sumner
260 ## - PUBLICATION, DISTRIBUTION, ETC.
Place of publication, distribution, etc. London
Name of publisher, distributor, etc. World Scientific
Date of publication, distribution, etc. 2019
300 ## - PHYSICAL DESCRIPTION
Extent xv,658p.:
563 ## - BINDING INFORMATION
Binding note Paper back
942 ## - ADDED ENTRY ELEMENTS (KOHA)
Source of classification or shelving scheme
Koha item type Book
Holdings
Withdrawn status Lost status Source of classification or shelving scheme Damaged status Not for loan Permanent Location Current Location Shelving location Date acquired Total Checkouts Full call number Barcode Date last seen Price effective from Koha item type
          School of Mechanical & Manufacturing Engineering (SMME) School of Mechanical & Manufacturing Engineering (SMME) General Stacks 08/03/2021   518.0285 SMME-3610 08/03/2021 08/03/2021 Book
© 2023 Central Library, National University of Sciences and Technology. All Rights Reserved.